Ranč Jabloňový květ. Fany a Gulliver /

Další příběhy kamarádek odehrávající se na ranči Jabloňový květ.

Main Author: Young, Pippa, 1960-
Other Authors: Štěpáníková, Lenka
Language: Czech
Published: V Brně : CPress, 2022
Edition: 1. vydání
Physical Description: 121 stran : ilustrace ; 21 cm
Book
Saved in:
LEADER 02488nam a2200517 i 4500
001 nkc20223407498
003 CZ PrNK
005 20220608102059.0
007 ta
008 220328s2022 xr a b 000 j cze
015 |a cnb003407498 
020 |a 978-80-264-4120-5  |q (vázáno) :  |c Kč 249,00 
035 |a (OCoLC)1329407547 
040 |a ABG001  |b cze  |d OLA001  |e rda 
041 1 |a cze  |h eng 
072 7 |a 821.111-3  |x Anglická próza, anglicky psaná  |2 Konspekt  |9 25 
072 7 |a 821-93  |x Literatura pro děti a mládež (beletrie)  |2 Konspekt  |9 26 
080 |a 821.111-32  |2 MRF 
080 |a 821-93  |2 MRF 
080 |a (0:82-32)  |2 MRF 
100 1 |a Young, Pippa,  |d 1960-  |7 xx0251631  |4 aut 
240 1 0 |a Fran and Gizmo.  |l Česky 
245 1 0 |a Ranč Jabloňový květ.  |p Fany a Gulliver /  |c Pippa Youngová ; z anglického originálu Apple blossom stables: Fran and Gizmo (Mia und Aska) ... přeložila Lenka Štěpáníková 
246 3 0 |a Fany a Gulliver 
250 |a 1. vydání 
264 1 |a V Brně :  |b CPress,  |c 2022 
300 |a 121 stran :  |b ilustrace ;  |c 21 cm 
336 |a text  |b txt  |2 rdacontent 
337 |a bez média  |b n  |2 rdamedia 
338 |a svazek  |b nc  |2 rdacarrier 
520 2 |a Další příběhy kamarádek odehrávající se na ranči Jabloňový květ.  |b Na ranči Jabloňový květ nikdy není nouze o nová dobrodružství. Nedávno zde našel dočasný domov poník Pinto, jehož majitel odjel na dovolenou. Mezi ním a Hanou začíná vznikat zvláštní pouto. Je však zřejmé, že Pinta i přesto cosi trápí - nechce žrát a straní se ostatních zvířat. Když se starostlivé Haně podaří odhalit příčinu poníkova smutku, ještě netuší, že zanedlouho jí Pinto péči oplatí a pomůže jí vypořádat se s jejím největším strachem. Nakladatelská anotace. Kráceno. 
521 8 |a Pro čtenáře od 7 let 
655 7 |a anglicky psané příběhy  |7 fd183173  |2 czenas 
655 7 |a publikace pro děti  |7 fd133156  |2 czenas 
655 9 |a stories in English  |2 eczenas 
655 9 |a children's literature  |2 eczenas 
700 1 |a Štěpáníková, Lenka  |7 jo2012702653  |4 trl 
765 0 |t Apple blossom stables  |9 Česky 
787 0 8 |i Z cyklu:  |t Ranč Jabloňový květ  |g 5 
910 2 |a BOA001  |b 2-1485.080 
920 |a 4643451  |z ABG001 
928 9 |a Albatros Media - CPress 
990 |a BK 
995 |a 01 
991 |b 202205  |c NOV 
996 6 |b 2610900773  |c 2-1485.080  |l MZK  |r Sklad / do 1 hodiny  |n 0  |p p.v.  |w 001884582  |u 000010  |a 1  |e BOA001  |j MZK50  |s P